000 00619nam a2200229Ia 4500
003 OSt
005 20220926020715.0
006 a|||||r|||| 00| 0
007 ta
008 220923b |||||||| |||| 00| 0 eng d
037 _cGeneral Book
040 _aRTL
_cRTL
_beng
041 _2eng
_aeng
082 _aX:742.73.N9, M7
100 _aBATRA Ravi
_9151412
245 0 _aGreat depression of 1990.
260 _aNew York
_bSimon and Schuster
_c1987
300 _a235p.
_ccm.
500 _aAppendix: 187-214p.
942 _hX:742.73.N9, M7
_cGB
_2CC
999 _c634795
_d634795